000 00405nam a2200145 a 4500
001 000016127
005 20200929164302.0
008 100226s1979 dr a 000 0 spa d
040 _aDO-SdBNP
082 _axxx
_bL698e
245 0 0 _aLiceo superior Fabio A. Mota :
_bestudio, lucha y superación.
260 _aSanto Domingo :
_bAlfa y Omega,
_c[1979].
300 _a18 p. :
_bil. ;
_c22 cm.
049 _aBNPD
999 _c15667
_d15667